Upgrading and retrofitting water and wastewater treatment plants / (Record no. 547994)
[ view plain ]
| 000 -LEADER | |
|---|---|
| fixed length control field | 01137cam a22002534a 4500 |
| 020 ## - INTERNATIONAL STANDARD BOOK NUMBER | |
| International Standard Book Number | 0071453032 (acidfree paper) |
| 082 00 - DEWEY DECIMAL CLASSIFICATION NUMBER | |
| Classification number | 628.3 |
| Author Mark | WAT |
| -- | N-1, P-100. |
| 245 00 - TITLE STATEMENT | |
| Title | Upgrading and retrofitting water and wastewater treatment plants / |
| Statement of responsibility, etc. | Water Environment Federation. |
| 260 ## - PUBLICATION, DISTRIBUTION, ETC. | |
| Place of publication, distribution, etc. | New York : |
| Name of publisher, distributor, etc. | McGraw-Hill, |
| Date of publication, distribution, etc. | c2005. |
| 300 ## - PHYSICAL DESCRIPTION | |
| Extent | xxi, 230 p. : |
| Other physical details | ill. ; |
| Dimensions | 25 cm. |
| 490 1# - SERIES STATEMENT | |
| Series statement | WEF manual of practice ; |
| 500 ## - GENERAL NOTE | |
| General note | Prepared by Upgrading and Retrofitting Water and Wastewater Treatment Plants Task Force of the Water Environment Federation. |
| 526 ## - STUDY PROGRAM INFORMATION NOTE | |
| Program name | 0 |
| Interest level | 0 |
| Reading level | 0 |
| Title point value | 628_300000000000000_WAT |
| 650 #0 - SUBJECT ADDED ENTRY--TOPICAL TERM | |
| Topical term or geographic name entry element | |MC||E |
| 9 (RLIN) | 44175 |
| 650 #0 - SUBJECT ADDED ENTRY--TOPICAL TERM | |
| Topical term or geographic name entry element | Sewage disposal plants |
| General subdivision | Retrofitting. |
| 9 (RLIN) | 44176 |
| 650 #0 - SUBJECT ADDED ENTRY--TOPICAL TERM | |
| Topical term or geographic name entry element | Sewage disposal plants |
| General subdivision | Upgrading. |
| 9 (RLIN) | 44177 |
| 650 #0 - SUBJECT ADDED ENTRY--TOPICAL TERM | |
| Topical term or geographic name entry element | Water treatment plants |
| General subdivision | Retrofitting |
| 9 (RLIN) | 44178 |
| 650 #0 - SUBJECT ADDED ENTRY--TOPICAL TERM | |
| Topical term or geographic name entry element | Water treatment plants |
| General subdivision | Upgrading. |
| 9 (RLIN) | 44179 |
| 710 2# - ADDED ENTRY--CORPORATE NAME | |
| Corporate name or jurisdiction name as entry element | Water Environment Federation. |
| 9 (RLIN) | 5759 |
| 856 41 - ELECTRONIC LOCATION AND ACCESS | |
| Uniform Resource Identifier | <a href="http://www.loc.gov/catdir/toc/mh051/2004061046.html">http://www.loc.gov/catdir/toc/mh051/2004061046.html</a> |
| 856 42 - ELECTRONIC LOCATION AND ACCESS | |
| Uniform Resource Identifier | <a href="http://www.loc.gov/catdir/bios/mh051/2004061046.html">http://www.loc.gov/catdir/bios/mh051/2004061046.html</a> |
| 856 42 - ELECTRONIC LOCATION AND ACCESS | |
| Uniform Resource Identifier | <a href="http://www.loc.gov/catdir/description/mh051/2004061046.html">http://www.loc.gov/catdir/description/mh051/2004061046.html</a> |
| 942 ## - ADDED ENTRY ELEMENTS (KOHA) | |
| Source of classification or shelving scheme | |
| Koha item type | Book |
| Withdrawn status | Lost status | Source of classification or shelving scheme | Damaged status | Not for loan | Permanent Location | Current Location | Date acquired | Total Checkouts | Full call number | Barcode | Date last seen | Price effective from | Koha item type |
|---|---|---|---|---|---|---|---|---|---|---|---|---|---|
| Military College of Engineering (MCE) | Military College of Engineering (MCE) | 08/13/2014 | 628.3 WAT | MCE-36672 | 08/13/2014 | 08/13/2014 | Book |
